Celostní management

Guardado en:
Detalles Bibliográficos
Autor principal: Porvazník, Ján
Otros Autores: Ladová, Janka, Vágner, Ivan, Lipták, František
Formato: Libro
Lenguaje:checo
eslovaco
Publicado: Bratislava IRIS 2010
Edición:4. přeprac. a dopl. vyd.
Materias:
Etiquetas: Agregar Etiqueta
Sin Etiquetas, Sea el primero en etiquetar este registro!

MARC

LEADER 00000nam$a2200000$$$4500
001 0115704
005 20240502072305.1
020 |a 978-80-89256-48-8 
041 0 |a cze 
041 0 |a slo 
044 |a SK 
245 1 0 |a Celostní management  |c Ján Porvazník, Janka Ladová 
250 |a 4. přeprac. a dopl. vyd. 
264 1 |a Bratislava  |b IRIS  |c 2010 
300 |a 490 s. [24,05 AH] 
610 2 0 |a manažment 
610 2 0 |a riadenie 
610 2 0 |a manažéri 
610 2 0 |a vzdelávanie 
610 2 0 |a sebariadenie 
610 2 0 |a komunikácia manažérska 
610 2 0 |a zodpovednosť 
610 2 0 |a podnikanie 
100 1 |a Porvazník, Ján 
700 1 |a Ladová, Janka 
700 1 |a Vágner, Ivan 
700 1 |a Lipták, František